Developing transferable skills : (Record no. 198)

MARC details
000 -LEADER
fixed length control field 03057nam a22004457a 4500
001 - CONTROL NUMBER
control field 17737685
005 - DATE AND TIME OF LATEST TRANSACTION
control field 20230223081959.0
008 - FIXED-LENGTH DATA ELEMENTS--GENERAL INFORMATION
fixed length control field 230223b |||||||| |||| 00| 0 eng d
010 ## - LIBRARY OF CONGRESS CONTROL NUMBER
LC control number 2013940254
016 7# - NATIONAL BIBLIOGRAPHIC AGENCY CONTROL NUMBER
Record control number 016515794
Source Uk
020 ## - INTERNATIONAL STANDARD BOOK NUMBER
International Standard Book Number 9781446260340 (pbk.)
020 ## - INTERNATIONAL STANDARD BOOK NUMBER
International Standard Book Number 1446260348 (pbk.)
020 ## - INTERNATIONAL STANDARD BOOK NUMBER
International Standard Book Number 144626033X
020 ## - INTERNATIONAL STANDARD BOOK NUMBER
International Standard Book Number 9781446260333
035 ## - SYSTEM CONTROL NUMBER
System control number (OCoLC)ocn866266836
040 ## - CATALOGING SOURCE
Original cataloging agency UKDBK
Language of cataloging eng
Transcribing agency KMU
Description conventions rda
Modifying agency KMU
-- UAB
-- OCLCQ
-- CLE
-- BTCTA
-- BDX
-- UKMGB
-- CDX
-- OCLCO
-- DLC
042 ## - AUTHENTICATION CODE
Authentication code lccopycat
050 00 - LIBRARY OF CONGRESS CALL NUMBER
Classification number HF 5381.6
Item number .D46 2014
100 1# - MAIN ENTRY--PERSONAL NAME
Personal name Denicolo, Pam,
Relator term author.
245 10 - TITLE STATEMENT
Title Developing transferable skills :
Remainder of title enhancing your research and employment potential /
Statement of responsibility, etc. Pam Denicolo, Julie Reeves.
264 #1 - PRODUCTION, PUBLICATION, DISTRIBUTION, MANUFACTURE, AND COPYRIGHT NOTICE
Place of production, publication, distribution, manufacture Los Angeles :
Name of producer, publisher, distributor, manufacturer SAGE,
Date of production, publication, distribution, manufacture, or copyright notice 2014.
300 ## - PHYSICAL DESCRIPTION
Extent xx, 164 pages :
Other physical details illustrations ;
Dimensions 24 cm.
336 ## - CONTENT TYPE
Content type term text
Content type code txt
Source rdacontent
337 ## - MEDIA TYPE
Media type term unmediated
Media type code n
Source rdamedia
338 ## - CARRIER TYPE
Carrier type term volume
Carrier type code nc
Source rdacarrier
490 1# - SERIES STATEMENT
Series statement Success in research
504 ## - BIBLIOGRAPHY, ETC. NOTE
Bibliography, etc. note Includes bibliographical references and index.
505 0# - FORMATTED CONTENTS NOTE
Formatted contents note What are transferable skills and why they are needed? -- How can researchers identify which transferable skills are needed? -- How can transferable skills be acquired? -- What are the key intellectual skills directly related to research? -- What skills are involved in dealing with information and with maintaining integrity as a researcher? -- What are the key practical research project skills? -- What are the key people skills and personal attributes? -- How can skill development be evidenced, assessed and evaluated? -- How can transferable skills be marketed effectively to enhance employability? (Dawn Duke) -- How can researchers make a successful transition to another employment? -- How can transferable skills become an integral part of life?
520 ## - SUMMARY, ETC.
Summary, etc. If you're a doctoral and early career researcher seeking a succinct guide to developing transferable skills, or are responsible for developing the transferable skills of others, this book takes you through everything you need to know. In the UK, possession of a doctorate is no longer the rarity it once was and the competitive economic climate makes it even more critical that you can convince prospective employers of both your specialist and generic skills. The authors take you through why transferable skills are needed, and how they can be acquired, evidenced and marketed. With coverage of project management, team working, communication, leadership and technical skills, this book is an essential guide for any researchers who want to make the most of the skills you have and acquire the skills you need.
650 #0 - SUBJECT ADDED ENTRY--TOPICAL TERM
Topical term or geographic name entry element Vocational qualifications.
650 #0 - SUBJECT ADDED ENTRY--TOPICAL TERM
Topical term or geographic name entry element Doctoral students
General subdivision Vocational guidance.
650 #0 - SUBJECT ADDED ENTRY--TOPICAL TERM
Topical term or geographic name entry element Career development.
650 #0 - SUBJECT ADDED ENTRY--TOPICAL TERM
Topical term or geographic name entry element Employability.
650 #7 - SUBJECT ADDED ENTRY--TOPICAL TERM
Topical term or geographic name entry element Careers.
Source of heading or term ukslc
700 1# - ADDED ENTRY--PERSONAL NAME
Personal name Reeves, Julie,
Dates associated with a name 1963-
Relator term author.
830 #0 - SERIES ADDED ENTRY--UNIFORM TITLE
Uniform title Success in research.
906 ## - LOCAL DATA ELEMENT F, LDF (RLIN)
a 7
b cbc
c copycat
d 2
e ncip
f 20
g y-gencatlg
942 ## - ADDED ENTRY ELEMENTS (KOHA)
Source of classification or shelving scheme Library of Congress Classification
Koha item type Non-Fiction
Suppress in OPAC No
Holdings
Withdrawn status Lost status Source of classification or shelving scheme Damaged status Not for loan Collection Home library Current library Shelving location Date acquired Source of acquisition Total Checkouts Full call number Barcode Date last seen Price effective from Koha item type
    Library of Congress Classification     Non-fiction Kapasa Makasa University Kapasa Makasa University Open Access 22.02.2023 Book Aid International   HF 5381.6 Den 2014 747235 23.02.2023 23.02.2023 Non-Fiction